Prezydenci Rzeczypospolitej - Statystyki

Ogólne statystyki
  • Ten quiz został rozwiązany 109 razy
  • Średni wynik to 9 z 13
Statystyki odpowiedzi
Lata Imię i nazwisko % Poprawnych
2015- Andrzej Duda
100%
2005-2010 Lech Kaczyński
98%
2010 Bronisław Komorowski
94%
2010-2015 Bronisław Komorowski
94%
1990-95 Lech Wałęsa
93%
1995-2005 Aleksander Kwaśniewski
89%
1989-90 Wojciech Jaruzelski
81%
1922 Gabriel Narutowicz
71%
1926-39 Ignacy Mościcki
65%
1947-52 Bolesław Bierut
58%
1922-26 Stanisław Wojciechowski
49%
2010 Grzegorz Schetyna
27%
2010 Bogdan Borusewicz
19%
Nie znaleziono quizów pasujących do podanych kryteriów
Rozkład punktacji
Procent ludzi z każdym wynikiem
Percentyl według liczby udzielonych odpowiedzi
Twoja historia wyników
Nie rozwiązałeś tego quizu